Central Library OPAC University of Rajshahi

DDT and the insect problem / (Record no. 24347)

MARC details
000 -LEADER
fixed length control field 00945cam a22002652 4500
001 - CONTROL NUMBER
control field 24347
003 - CONTROL NUMBER IDENTIFIER
rucl marc code BD-RjUL
005 - DATE AND TIME OF LATEST TRANSACTION
control field 20211209001035.0
008 - FIXED-LENGTH DATA ELEMENTS--GENERAL INFORMATION
fixed length control field 140313s1946 nyuab b 000 0 eng
035 ## - SYSTEM CONTROL NUMBER
System control number OCLC ocm01136641 from D970926M
-- (BD-RjUL)24413
040 ## - CATALOGING SOURCE
Original cataloging agency DLC
Transcribing agency SNN
Modifying agency SER
-- EQO
-- BD-RjUL
Language of cataloging eng
041 ## - LANGUAGE CODE
Language code of text/sound track or separate title eng
082 00 - DEWEY DECIMAL CLASSIFICATION NUMBER
Classification number 632.951
Author mark and year LED 1946
100 1# - MAIN ENTRY--PERSONAL NAME
Personal name Leary, James Cornelius,
Dates associated with a name 1900-
9 (RLIN) 74951
245 10 - TITLE STATEMENT
Title DDT and the insect problem /
Statement of responsibility, etc. James C. Leary ... William I. Fishbein ... and Lawrence C. Salter ...
260 ## - PUBLICATION, DISTRIBUTION, ETC. (IMPRINT)
Place of publication, distribution, etc. New York ;
-- London :
Name of publisher, distributor, etc. McGraw-Hill Book Company, inc.,
Date of publication, distribution, etc. 1946.
300 ## - PHYSICAL DESCRIPTION
Pagination vii, 176 p. :
Illustrations illus. (incl. map) diagrs. ;
Size 21 cm.
504 ## - BIBLIOGRAPHY, ETC. NOTE
Bibliography, etc Bibliography at end of each chapter except one.
650 #0 - SUBJECT ADDED ENTRY--TOPICAL TERM
Topical term or geographic name as entry element DDT (Insecticide)
9 (RLIN) 74952
700 1# - ADDED ENTRY--PERSONAL NAME
Personal name Fishbein, William I.,
Dates associated with a name 1901-
Personal name Salter, Lawrence Cecil,
Dates associated with a name 1901-
942 ## - ADDED ENTRY ELEMENTS (KOHA)
Source of classification or shelving scheme Dewey Decimal Classification
Koha item type Books
Holdings
Lost status Source of classification or shelving scheme Damaged status Not for loan Permanent Location Current Location Shelving location Date acquired Source of acquisition Cost, normal purchase price Total Checkouts Full call number Date last seen Copy number Koha item type
  Dewey Decimal Classification   Added to bundle Central Library, University of Rajshahi Central Library, University of Rajshahi Reading Room 12/05/1976 BNBC 0.00   632.951 LED 1946 13/03/2014 C-1 Books